| 000 | 00476nam a2200157 i 4500 | ||
|---|---|---|---|
| 001 | 29167 | ||
| 003 | ES-MaACL | ||
| 005 | 20230906154002.0 | ||
| 007 | t| | ||
| 008 | 030121q19001999fr ||||1| fre d | ||
| 100 | 1 |
_aBarbier, Emmanuel. _925452 |
|
| 245 | 1 | 4 |
_aLes democrates chretiens et le modernisme _b: histoire documentaire / _cEmmanuel Barbier. |
| 260 |
_a[S.l. : _bs.n., _c19--] ( _ePoitiers : _fBlais et Roy) |
||
| 300 |
_a424 p. ; _c19 cm. |
||
| 852 |
_aES-MaACL _jD-3533 |
||
| 999 |
_c29167 _d29167 |
||